Anuario Estadístico: indices/
Guardado en:
| Institution som forfatter: | |
|---|---|
| Format: | Bog |
| Sprog: | Spanish |
| Udgivet: |
San José, Costa Rica:
Banco Central de Costa Rica
|
| Fag: | |
| Tags: |
Tilføj Tag
Ingen Tags, Vær først til at tagge denne postø!
|
MARC
| LEADER | 00000nam a22000007a 4500 | ||
|---|---|---|---|
| 003 | cru CIDCACS/IIS | ||
| 005 | 20200925114618.0 | ||
| 008 | 200925n cr |||p|r||||||0| ||spa|d | ||
| 999 | |c 43400 |d 43400 | ||
| 040 | |c cru CIDCACS/IIS | ||
| 090 | |a REV0044 | ||
| 110 | 2 | |9 9621 |a Banco Central de Costa Rica | |
| 245 | 1 | |a Anuario Estadístico: |b indices/ |c Banco Central de Costa Rica | |
| 260 | |a San José, Costa Rica: |b Banco Central de Costa Rica | ||
| 270 | |a Ave. Central ny 1º calles 2 y 4 , |d Costa Rica |e apdo. 1058-1000 |c San José | ||
| 500 | |a EXISTENCIAS : 1982-1986 1983-1987 1984-1988 1985-1989 1986-1990 1987-1991 1989-1993 1990-1994 PERIODICIDAD :Cuatrianual | ||
| 650 | 4 | |9 2684 |a INDICES DE PRECIOS | |
| 650 | 0 | |9 3502 |a BIENES DE CAPITAL | |
| 650 | 0 | |9 95 |a EXPORTACIONES | |
| 650 | 4 | |9 1843 |a IMPORTACIONES | |
| 650 | 0 | |9 2434 |a SALARIOS | |
| 650 | 0 | |9 2262 |a SERVICIOS PUBLICOS | |
| 651 | 0 | |9 32 |a COSTA RICA | |
| 942 | |2 ddc |c PP | ||
